Welcome to CU Library Online Public Access Catalogue (OPAC)

The legal environment of business / (Record no. 1026)

MARC details
000 -LEADER
fixed length control field 01228cam a2200277 i 4500
001 - CONTROL NUMBER
control field 17908136
005 - DATE AND TIME OF LATEST TRANSACTION
control field 20241111172317.0
008 - FIXED-LENGTH DATA ELEMENTS--GENERAL INFORMATION
fixed length control field 131017s2015 ctuak 001 0 eng
020 ## - INTERNATIONAL STANDARD BOOK NUMBER
International Standard Book Number 9781285428222
020 ## - INTERNATIONAL STANDARD BOOK NUMBER
International Standard Book Number 1285428226
050 00 - LIBRARY OF CONGRESS CALL NUMBER
Classification number KF1600
Item number .M43 2015
100 1# - MAIN ENTRY--PERSONAL NAME
Personal name Meiners, Roger E.,
Relator term author.
245 14 - TITLE STATEMENT
Title The legal environment of business /
Statement of responsibility, etc. Roger E. Meiners, University of Texas at Arlington; Al. H. Ringleb, Consortium International MBA; Frances L. Edwards, Clemson University.
250 ## - EDITION STATEMENT
Edition statement Twelfth edition.
260 ## - PUBLICATION, DISTRIBUTION, ETC.
Place of publication, distribution, etc. USA
Name of publisher, distributor, etc. Cengage Learning
Date of publication, distribution, etc. c2015
300 ## - PHYSICAL DESCRIPTION
Extent xxx, 757 pages :
Other physical details color illustrations, color forms ;
Dimensions 26 cm
500 ## - GENERAL NOTE
General note Includes index.
650 #0 - SUBJECT ADDED ENTRY--TOPICAL TERM
Topical term or geographic name entry element Industrial laws and legislation
Geographic subdivision United States.
650 #0 - SUBJECT ADDED ENTRY--TOPICAL TERM
Topical term or geographic name entry element Commercial law
Geographic subdivision United States.
700 1# - ADDED ENTRY--PERSONAL NAME
Personal name Ringleb, Al H.,
Relator term author.
700 1# - ADDED ENTRY--PERSONAL NAME
Personal name Edwards, Frances L.,
Relator term author.
856 42 - ELECTRONIC LOCATION AND ACCESS
Materials specified Contributor biographical information
Uniform Resource Identifier <a href="http://www.loc.gov/catdir/enhancements/fy1503/2013952197-b.html">http://www.loc.gov/catdir/enhancements/fy1503/2013952197-b.html</a>
856 42 - ELECTRONIC LOCATION AND ACCESS
Materials specified Publisher description
Uniform Resource Identifier <a href="http://www.loc.gov/catdir/enhancements/fy1503/2013952197-d.html">http://www.loc.gov/catdir/enhancements/fy1503/2013952197-d.html</a>
856 41 - ELECTRONIC LOCATION AND ACCESS
Materials specified Table of contents only
Uniform Resource Identifier <a href="http://www.loc.gov/catdir/enhancements/fy1503/2013952197-t.html">http://www.loc.gov/catdir/enhancements/fy1503/2013952197-t.html</a>
942 ## - ADDED ENTRY ELEMENTS (KOHA)
Source of classification or shelving scheme Library of Congress Classification
Koha item type Books
Edition 12th Ed.
Suppress in OPAC No
999 ## -
-- 1026
-- 1026
Holdings
Withdrawn status Lost status Source of classification or shelving scheme Damaged status Not for loan Collection Home library Current library Shelving location Date acquired Total checkouts Full call number Barcode Date last seen Copy number Price effective from Koha item type
    Library of Congress Classification   Not for loan Non-fiction Law Library (Kumasi) Law Library (Kumasi) Reference 01/28/2025   KF 1600.M43 MEI llk00000002 01/28/2025 2 01/28/2025 Books
    Library of Congress Classification       Law Library (Kumasi) Law Library (Kumasi) General stacks 05/19/2025   KF 1600.M43 Mei LLK00000143 05/21/2025 3 05/21/2025 Books
    Library of Congress Classification     Non-fiction Law Library (Miotso) Law Library (Miotso) General stacks 11/11/2024   KF1600.M43 MEI llm00000825 11/11/2024 1 11/11/2024 Books
© 2023-2024 Copyright: Central University Libraries. All Rights Reserved | Created by: Mahone Tech Office